00325nam a2200121Ia 4500008004100000041000800041082001200049100002300061245004500084260004100129300002400170365000900194240624s9999 xx 000 0 und d aeng a004 KHO aKHOSROW POUR MEHDI aCASES ON INFORMATION TECHNOLOGY PLANNING c2006aHersheybIdea Group Publishing a370 : p. : cm. ; 26 cb30